Estudio de Línea Base de la Evaluación e investigación de la Calidad Educativa (Record no. 9150)

MARC details
000 -LEADER
campo de control de longitud fija 00370nam a2200133Ia 4500
001 - NÚMERO DE CONTROL
campo de control 963
008 - DATOS DE LONGITUD FIJA--INFORMACIÓN GENERAL
campo de control de longitud fija 241024s9999 xx 000 0 und d
082 ## - NÚMERO DE LA CLASIFICACIÓN DECIMAL DEWEY
Número de clasificación RD/370.97293/ID19e/1
100 ## - ENTRADA PRINCIPAL--NOMBRE DE PERSONA
Nombre de persona IDEICE
245 #0 - MENCIÓN DEL TÍTULO
Título Estudio de Línea Base de la Evaluación e investigación de la Calidad Educativa
260 ## - PUBLICACIÓN, DISTRIBUCIÓN, ETC.
Nombre del editor, distribuidor, etc. IDEICE
Fecha de publicación, distribución, etc. 2010
901 ## - ELEMENTOS DE DATOS A LOCAL LDA (RLIN)
a 13/12/2010 3:05:37 p.m.

No items available.

© 2024. Todos los Derechos Reservados. Desarrollado por IDEICE